000 01739nam0a2200409 i 4500
001 RU\NLR\bibl\1925524
005 20241103083429.0
010 _a9785867939922
_92000
021 _aRU
_b2012-46219
_93395
035 _a(nilc)RU\NLR\bibl\1847145
035 _a(NLR Aleph) 001914939
090 _a3227214
_c3227214
100 _a20111213d2012 u y0rusy50 ca
101 1 _arus
_cswe
102 _aRU
105 _ay |||||||||
200 1 _aИстория меланхолии
_eо страхе, скуке и чувствительности в прежние времена и теперь
_fКарин Юханнисон
_g[пер. со швед. И. Матыциной]
210 _aМосква
_cНовое литературное обозрение
_d2012
215 _a311,[2] с.
_d21
225 1 _aКультура повседневности
_fред.: А. Красникова
300 _aПер. изд.: Melankoliska rum / Karin Johannisson. Stockholm, 2009
320 _aБиблиогр. в тексте примеч.: с. 275-305
320 _aИмен. указ.: с. 306-311
454 0 _12001#$aMelankoliska rum
_1700#1$aJohannisson$bK.$gKarin$4070
_1210##$aStockholm$d2009
_tMelankoliska rum
_aJohannisson, Karin
606 _aМеланхолия
_xФилософско-психологический аспект
_92228562
_3RU\NLR\auth\661337720
686 _aЮ216.22
_2rubbk
686 _aЮ935.21-78
_2rubbk
686 _aР64-323.13
686 _aЮ216.22
686 _aЮ935.21-78
700 1 _aЮханнисон
_bК.
_gКарин
_4070
801 0 _aRU
_bNLR
_c20111213
_gRCR
801 1 _aRU
_bNLR
_c20111213
801 2 _aRU
_bNLR
_c20120717
_grcr
942 _cBOOK
980 _aNBR